000 00740nam a22001935i 4500
001 54793
003 ES-MaACL
005 20230906163025.0
007 t|
008 980421s1883 sp ||||1| spa d
040 _aCAM
_bspa
_cCAM
100 1 _aGabriel y Ruiz de Apodaca, Fernando de.
_953161
245 1 3 _aLa espada y la lira
_b: epístola al coronel Marqués de Casa Arizón excitándole al ejercicio de la poesia /
_cpor Fernando de Gabriel y Ruiz de Apodaca; precédela una carta del Sr. Federico Villalva.
250 _aNueva ed. corregida y aumentada.
260 _aMadrid :
_b[s.n.],
_c1883 (
_fimprenta de Diego Pacheco)
300 _a32 p. ;
_c20 cm.
700 1 _aVillalva, Federico.
_9114989
852 _aES-MaACL
_jT-349-F-4
999 _c54793
_d54793